<?xml version="1.0" encoding="UTF-8"?><?xml-stylesheet type="text/xsl" href="static/style.xsl"?><OAI-PMH xmlns="http://www.openarchives.org/OAI/2.0/" xmlns:xsi="http://www.w3.org/2001/XMLSchema-instance" xsi:schemaLocation="http://www.openarchives.org/OAI/2.0/ http://www.openarchives.org/OAI/2.0/OAI-PMH.xsd"><responseDate>2026-04-17T05:39:44Z</responseDate><request verb="GetRecord" identifier="oai:www.recercat.cat:10459.1/84550" metadataPrefix="marc">https://recercat.cat/oai/request</request><GetRecord><record><header><identifier>oai:recercat.cat:10459.1/84550</identifier><datestamp>2024-12-05T21:49:34Z</datestamp><setSpec>com_2072_3622</setSpec><setSpec>col_2072_479130</setSpec></header><metadata><record xmlns="http://www.loc.gov/MARC21/slim" xmlns:dcterms="http://purl.org/dc/terms/" xmlns:xsi="http://www.w3.org/2001/XMLSchema-instance" xmlns:doc="http://www.lyncode.com/xoai" xsi:schemaLocation="http://www.loc.gov/MARC21/slim http://www.loc.gov/standards/marcxml/schema/MARC21slim.xsd">
   <leader>00925njm 22002777a 4500</leader>
   <datafield ind2=" " ind1=" " tag="042">
      <subfield code="a">dc</subfield>
   </datafield>
   <datafield ind2=" " ind1=" " tag="720">
      <subfield code="a">Giralt Palou, Rosa</subfield>
      <subfield code="e">author</subfield>
   </datafield>
   <datafield ind2=" " ind1=" " tag="260">
      <subfield code="c">2022-07-27T07:55:11Z</subfield>
   </datafield>
   <datafield ind2=" " ind1=" " tag="260">
      <subfield code="c">2023-01-09T23:45:19Z</subfield>
   </datafield>
   <datafield ind2=" " ind1=" " tag="260">
      <subfield code="c">2022-07-13</subfield>
   </datafield>
   <datafield ind2=" " ind1=" " tag="520">
      <subfield code="a">Els estudiants universitaris de ciències de la salut poden generar actituds estigmatitzants, en el moment de prestar l’atenció i cura a les persones que amb un problema de salut mental. L’objectiu principal va ser analitzar les actituds dels estudiants universitaris d’infermeria respecte la salut mental, durant el període d’aprenentatge en l’assignatura de Cures Infermeres en Salut Mental.&#xd;
Es va dur a terme un estudi longitudinal i prospectiu de mesures repetides.&#xd;
Els principals resultats reflecteixen una reducció de les actituds estigmatitzants i un favorable comportament esperat a mesura que avança la formació en salut mental.&#xd;
Respecte la desitjabilitat social, únicament es va mostrar troballes significatives en el període previ a l’inici del període formatiu en salut mental, on destacaven trets més restrictius i estigmatitzants .&#xd;
Cal considerar la formació específica en salut mental com a factor de canvi envers actituds més positives i de proximitat.</subfield>
   </datafield>
   <datafield ind2=" " ind1=" " tag="520">
      <subfield code="a">Los estudiantes universitarios de ciencias de la salud pueden generar actitudes estigmatizantes, en el momento de prestar la atención y cuidado a las personas que con un problema de salud mental. El objetivo principal fue analizar las actitudes de los estudiantes universitarios de enfermería respecto a la salud mental, durante el período de aprendizaje en la asignatura de Cuidados Enfermeros en Salud Mental.&#xd;
Se realizó un estudio longitudinal y prospectivo de medidas repetidas.&#xd;
Los principales resultados reflejan una reducción de las actitudes estigmatizantes y un favorable comportamiento esperado a medida que avanza la formación en salud mental.&#xd;
Respecto a la deseabilidad social, únicamente se mostró hallazgos significativos en el período previo al inicio del período formativo en salud mental, donde destacaban rasgos más restrictivos y estigmatizantes.&#xd;
Es necesario considerar la formación específica en salud mental como factor de cambio hacia actitudes más positivas y de proximidad.</subfield>
   </datafield>
   <datafield ind2=" " ind1=" " tag="520">
      <subfield code="a">University health science students can generate stigmatising attitudes when providing attention and care to people with a mental health problem. The main objective was to analyse the attitudes of university nursing students towards mental health during their learning period in the subject of Mental Health Nursing Care.&#xd;
A longitudinal, prospective, repeated measures study was conducted.&#xd;
The main results reflect a reduction in stigmatising attitudes and a favourable expected behaviour as mental health training progresses.&#xd;
With regard to social desirability, significant findings were only shown in the period prior to the start of the training period in mental health, where more restrictive and stigmatising traits stood out.&#xd;
It is necessary to consider specific training in mental health as a factor of change towards more positive attitudes and proximity.</subfield>
   </datafield>
   <datafield ind1="8" ind2=" " tag="024">
      <subfield code="a">http://hdl.handle.net/10459.1/84550</subfield>
   </datafield>
   <datafield tag="653" ind2=" " ind1=" ">
      <subfield code="a">Estudiants infermeria</subfield>
   </datafield>
   <datafield tag="653" ind2=" " ind1=" ">
      <subfield code="a">Estigma</subfield>
   </datafield>
   <datafield tag="653" ind2=" " ind1=" ">
      <subfield code="a">Salut mental</subfield>
   </datafield>
   <datafield tag="653" ind2=" " ind1=" ">
      <subfield code="a">Estudiantes enfermería</subfield>
   </datafield>
   <datafield tag="653" ind2=" " ind1=" ">
      <subfield code="a">Estigma</subfield>
   </datafield>
   <datafield tag="653" ind2=" " ind1=" ">
      <subfield code="a">Salud mental</subfield>
   </datafield>
   <datafield tag="653" ind2=" " ind1=" ">
      <subfield code="a">Nursing students</subfield>
   </datafield>
   <datafield tag="653" ind2=" " ind1=" ">
      <subfield code="a">Stigma</subfield>
   </datafield>
   <datafield tag="653" ind2=" " ind1=" ">
      <subfield code="a">Mental health</subfield>
   </datafield>
   <datafield tag="653" ind2=" " ind1=" ">
      <subfield code="a">Infermeria</subfield>
   </datafield>
   <datafield tag="653" ind2=" " ind1=" ">
      <subfield code="a">3</subfield>
   </datafield>
   <datafield ind2="0" ind1="0" tag="245">
      <subfield code="a">Anàlisi de les actituds estigmatitzants en els estudiants universitaris d’infermeria envers les persones amb problemes de salut mental</subfield>
   </datafield>
</record></metadata></record></GetRecord></OAI-PMH>